000 00561cam a22002053a 4500
001 40081
003 PGUSA
005 20140828083907.0
008 120623s2012||||xxu|||||s|||||000 | eng d
040 _aPGUSA
_beng
042 _adc
100 1 _aBlaikie, W. Garden
245 1 0 _aThomas Chalmers
_h[electronic resource] /
_cW. Garden Blaikie
260 _bProject Gutenberg,
_c2012
506 _aPublic domain in the USA.
516 _aElectronic text
830 0 _aProject Gutenberg
_v40081
856 4 0 _uhttp://www.gutenberg.org/ebooks/40081
942 _cEB
999 _c269334
_d269334